Villes Coupe du Monde Football 2026 (Mort subite) - Statistiques

Statistiques générales
  • Ce quiz a été pris 327 fois
  • Le résultat moyen est 4 sur 16
Answers on the Grid
Answers color-coded by a green-red scale on the quiz's grid according to % correct below.
Vancouver
Toronto
Mexico
Monterrey
Guadalajara
New York
Dallas
Kansas City
Houston
Atlanta
Los Angeles
Philadelphie
Seattle
San Francisco
Boston
Miami
Chicago
Montreal
Washington
Baltimore
Cincnnati
Denver
Nashville
Charlotte
Phoenix
San Antonio
Cleveland
Orlando
Minneapolis
Tijuana
 
Statistiques - réponses
Réponse % Correct
East Rutherford New York
52%
Inglewood Los Angeles
50%
Mexico
49%
Miami Gardens Miami
31%
Toronto
31%
Atlanta
28%
Vancouver
27%
Arlington Dallas
22%
Zapopan Guadalajara
22%
Seattle
22%
Guadalupe Monterrey
21%
Santa Clara San Francisco
19%
Foxborough Boston
18%
Kansas City
16%
Philadelphie
12%
Houston
10%
Aucun quiz correspondant
Distribution des résultats
% des personnes avec chaque résultat
Percentile par nombre de réponses
Votre historique - résultats
Vous n’avez pas pris ce quiz